000 01345cam a2200241 4500
008 040422n2004 000 0 eng u
020 _a1851126996
035 _a(Sirsi) u125914
041 _aeng
050 _a711.1
_c18
110 _aErnst and Young
_93056
245 _aEvidence base review of skills for sustainable communities
260 _aLondon
_bODPM
_c2004
520 _aODPM commissioned research examining whether the number of people in identified core professions will be sufficient to meet the demands for skills generated by the need to deliver the vision and aims of the Sustainable Communities Plan (ISBN 7777018485). The research found specific shortages in the following occupations: civil and structural engineers; town planners; transport planners and engineers; and conservation officers. View at www.odpm.gov.uk.
650 _aSUSTAINABLE COMMUNITIES
650 _aSKILLS
650 _aPROFESSIONS
650 _aSUSTAINABLE COMMUNITIES: BUILDING FOR THE FUTURE
690 _aPlanning and development
_96259
710 _aUnited Kingdom
_bOffice of the Deputy Prime Minister
856 _uhttps://webarchive.nationalarchives.gov.uk/+/http://www.communities.gov.uk/index.asp?id=1140556
_zThis document is restricted to RICS members only, download from webarchive.nationalarchives.gov.uk website.
942 _n0
999 _c103498
_d103498